| 000 | nam a22 7a 4500 | ||
|---|---|---|---|
| 999 |
_c126200 _d126200 |
||
| 008 | 170223b xxu||||| |||| 00| 0 eng d | ||
| 050 | _aBV355.N8 R915 | ||
| 100 |
_aRudez, Hilary _929001 |
||
| 245 |
_aImbani Za Pabwalo _bNyanja song book _cHilary Rudez |
||
| 260 |
_aNdola _bMission Press _c2003 |
||
| 300 |
_a126p. ; _c21cm. |
||
| 650 |
_aHymns, Nyanja _929002 |
||
| 942 |
_2lcc _cMONOGRAPH |
||